000 00216 a2200097 4500
001 46128
100 _aMclaughlin C
245 _aSpace age dictionary
260 _aLondon
_bD Van Nostrand
_c
090 _c29230
_d29230
942 _aNUST-CAE
_cM
_c21370
999 _c281201
_d281201